Digimon Quiz - Statistics

General Stats
  • This quiz has been taken 202 times
  • The average score is 27 of 36
Answer Stats
Partner Hint Answer % Correct
Tai Rookie Agumon
98%
Tai Champion Greymon
95%
Tai Ultimate Metal Greymon
94%
Matt Champion Garurumon
92%
Matt Mega Metalgarurumon
91%
Tai Mega War Greymon
91%
Matt Rookie Gabumon
89%
TK Rookie Patamon
88%
Matt Ultimate Weregarurumon
87%
TK Champion Angemon
84%
Tai Dark Digivolve Skullgreymon
84%
Sora Champion Birdramon
83%
Kari Champion Gatomon
82%
Izzy Champion Kabuterimon
82%
Mimi Rookie Palmon
82%
Izzy Rookie Tentomon
82%
Tai In Training Koromon
81%
Sora Rookie Biyomon
80%
Kari Ultimate Angewomon
78%
Mimi Ultimate Lilymon
77%
Joe Rookie Gomamon
76%
Mimi Champion Togemon
76%
Joe Champion Ikkakumon
75%
Tai and Matt Fusion Digivolve Omnimon
74%
Izzy Ultimate Megakabuterimon
73%
Sora Ultimate Garudamon
71%
TK Ultimate Magnaangemon
68%
Joe Ultimate Zudomon
68%
Matt In Training Tsunomon
65%
Kari Rookie Salamon
63%
TK In Training Tokomon
55%
Izzy In Training Motimon
54%
Mimi In Training Tanemon
50%
Sora In Training Yokomon
47%
Joe In Training Bukamon
45%
Kari In Training Nyaromon
33%
No matching quizzes found
Score Distribution
Percent of People with Each Score
Percentile by Number Answered
Your Score History
You have not taken this quiz